| 000 | 01783nam1a2200325 4500 | ||
|---|---|---|---|
| 001 | RU\NLR\BIBL_A\011373401 | ||
| 005 | 20240922010818.0 | ||
| 035 | _a(NLR Aleph) 011373401 | ||
| 090 |
_a11364409 _c11364409 |
||
| 100 | _a20170410g20179999k y0rusy50 ca | ||
| 101 | 0 | _arus | |
| 102 | _aRU | ||
| 105 | _aa|||z|||000yy | ||
| 200 | 1 |
_aДополнительное профессиональное образование _eрезультаты мониторинга ... _fС.А. Беляков, А.В. Каравай, Е.А. Полушкина _gРоссийская академия народного хозяйства и государственной службы при Президенте Российской Федерации, РАНХиГС |
|
| 210 |
_aМосква _cДело _d2017 |
||
| 215 | _d21 | ||
| 225 | 1 |
_aНаучные доклады _iОбразование _v... |
|
| 300 | _aВ конце кн. 1-й и 2-й авт.: Беляков С.А., д.э.н., доц., Каравай А.В., к.соц.н. | ||
| 606 | 1 |
_aДополнительное профессиональное образование _jСтатистические материалы _yРоссийская Федерация _92362128 _3RU\NLR\AUTH\661410473 |
|
| 610 | 0 | _aдополнительное профессиональное образование | |
| 686 |
_aЧ451,6(2)387я3 _2rubbk |
||
| 686 | 1 | _aЧ454(2Р)78я3 | |
| 700 | 1 |
_aБеляков _bС. А. _gСергей Анатольевич |
|
| 701 | 1 |
_aКаравай _bА. В. _gАнастасия Вадимовна |
|
| 701 | 1 |
_aПолушкина _bЕ. А. _gЕлена Анатольевна |
|
| 852 |
_aNLR _j2017-4/2805 |
||
| 942 | _cBOOK | ||
| 980 | _aNBR | ||